000 00526nam a22001817a 4500
999 _c524861
_d524861
003 NUST
005 20190626120233.0
020 _c(Hbk)
038 _aM. Shaban
082 _a891.429092
_bBUT
100 _aButt, Muhammad Asim
_915659
245 _aPakistani adab ke mamaar /
_c Muhammad Asim Butt
260 _a2008 -;
_bIslamic Research Institute press,
_c2008.
300 _a148 p. ;
880 _6100-01\r
_aمحمد عاصم بٹ
880 _6100-02\r
_aپاکستانی اَدب کے معمار /
942 _2ddc
_cBK